[Event "ECU Clasif1 U13"]
[Site "Chess.com INT"]
[Date "2020.12.17"]
[Round "5"]
[White "Cajamarca Gordillo, Sebastian Alejandro"]
[Black "Morales Risco, Hugo Alexander"]
[Result "0-1"]
[WhiteElo "1224"]
[BlackElo "1313"]
[PlyCount "95"]
[EventDate "2020.12.17"]
[EventType "swiss"]
[EventRounds "9"]
[EventCountry "ECU"]
[SourceTitle "EXT 2022"]
[Source "ChessBase"]
[SourceDate "2021.10.06"]
[SourceVersion "1"]
[SourceVersionDate "2021.10.06"]
[SourceQuality "1"]

1. d4 d5 2. c4 c6 3. Nc3 Nf6 4. Nf3 Bf5 5. e3 e6 6. Be2 Nbd7 7. 0-0 Bd6 8. cxd5 cxd5 9. Nh4 Bg6 10. b3 a6 11. a4 b6 12. Ba3 Qe7 13. Bxd6 Qxd6 14. Rc1 0-0 15. Nxg6 hxg6 16. h3 Rfc8 17. Qd3 Qb4 18. Bd1 Ne4 19. Ne2 Rxc1 20. Nxc1 Rc8 21. Na2 Qa3 22. Qxa6 Rc7 23. Qe2 b5 24. f3 Nef6 25. Qxb5 Qxa2 26. Rf2 Qb1 27. Rf1 Rc1 28. Qe2 Qa1 29. Qd2 Nb6 30. Re1 Nfd7 31. Kf2 e5 32. Ke2 exd4 33. exd4 Rc8 34. Kf1 Qc3 35. Qe2 Qxd4 36. Qe7 Nf6 37. Be2 Re8 38. Qc7 Nbd7 39. Qb7 Qc3 40. Qb5 d4 41. Kf2 Qd2 42. Kf1 Ne5 43. a5 Re6 44. Qb8+ Kh7 45. f4 Nd3 46. Rd1 Qxf4+ 47. Kg1 Qxb8 48. Rxd3 0-1

[Event "ECU Clasif1 U13"]
[Site "Chess.com INT"]
[Date "2020.12.17"]
[Round "7"]
[White "Morales Risco, Hugo Alexander"]
[Black "Contreras Huaman, Fiorella Daiana"]
[Result "0-1"]
[WhiteElo "1313"]
[BlackElo "1937"]
[PlyCount "68"]
[EventDate "2020.12.17"]
[EventType "swiss"]
[EventRounds "9"]
[EventCountry "ECU"]
[SourceTitle "EXT 2022"]
[Source "ChessBase"]
[SourceDate "2021.10.06"]
[SourceVersion "1"]
[SourceVersionDate "2021.10.06"]
[SourceQuality "1"]

1. e4 c6 2. d4 d5 3. exd5 cxd5 4. Bd3 Nc6 5. c3 Nf6 6. Nf3 Bg4 7. h3 Bh5 8. Bg5 e6 9. Nbd2 Be7 10. Qc2 Rc8 11. a3 Bg6 12. Bxg6 hxg6 13. Nb3 Ne4 14. Bxe7 Qxe7 15. Nbd2 f5 16. Nxe4 fxe4 17. Nd2 Nxd4 18. Qa4+ Nc6 19. b4 0-0 20. 0-0 a6 21. Qb3 Ne5 22. b5 Qc5 23. bxa6 bxa6 24. Rac1 Nd3 25. Rce1 Nxe1 26. Kh1 Nd3 27. f3 e3 28. Nb1 e2 29. Nd2 e1Q 30. Rxe1 Nxe1 31. Qc2 Nxc2 32. Nf1 Qf2 33. Nh2 Ne3 34. Ng4 Qxg2# 0-1

[Event "ECU-ch Schools U15 Clas1"]
[Site "Chess.com INT"]
[Date "2020.11.05"]
[Round "1"]
[White "Morales Risco, Hugo Alexander"]
[Black "Velez Quiteros, Cristian Andres"]
[Result "1-0"]
[WhiteElo "1313"]
[BlackElo "185"]
[PlyCount "101"]
[EventDate "2020.11.05"]
[EventType "swiss"]
[EventRounds "9"]
[EventCountry "ECU"]
[SourceTitle "EXT 2022"]
[Source "ChessBase"]
[SourceDate "2021.10.06"]
[SourceVersion "1"]
[SourceVersionDate "2021.10.06"]
[SourceQuality "1"]

1. e4 d6 2. d4 c5 3. dxc5 dxc5 4. Qxd8+ Kxd8 5. Bc4 Nc6 6. Bxf7 Nf6 7. Bb3 Nxe4 8. Nd2 Nxd2 9. Bxd2 Bf5 10. 0-0-0 Kc7 11. Nf3 Rc8 12. Bf4+ Kb6 13. h3 g6 14. Ne5 Nxe5 15. Bxe5 Rg8 16. Bxg8 Bh6+ 17. Kb1 Rxg8 18. g4 Be6 19. f4 Bg7 20. Rhe1 h5 21. Bxg7 Bxg4 22. hxg4 Rxg7 23. gxh5 gxh5 24. Re6+ Kb5 25. Rh6 Rg4 26. Rxh5 Rxf4 27. b3 a6 28. Re1 Rf7 29. Ree5 b6 30. Rh6 a5 31. Ree6 Ka6 32. Rxb6+ Ka7 33. Rbe6 Kb7 34. Rh5 Rf1+ 35. Kb2 Rf7 36. Rxc5 Ka7 37. Rxa5+ Kb7 38. c4 Kc7 39. Kc3 Kd7 40. Rh6 e6 41. Ra6 Re7 42. Ra7+ Kd6 43. Rxe7 Kxe7 44. Kd4 e5+ 45. Kxe5 Kf7 46. Rh7+ Kf8 47. Ke6 Kg8 48. Rf7 Kh8 49. Kf6 Kg8 50. Kg6 Kh8 51. Rf8# 1-0

[Event "Pan American-ch U10"]
[Site "Guayaquil"]
[Date "2019.07.27"]
[Round "9"]
[White "Morales Risco, Hugo Alexander"]
[Black "Harish, Neeraj"]
[Result "0-1"]
[WhiteElo "1090"]
[BlackElo "1395"]
[PlyCount "66"]
[EventDate "2019.07.21"]
[EventType "swiss"]
[EventRounds "9"]
[EventCountry "ECU"]
[SourceTitle "EXT 2020"]
[Source "ChessBase"]
[SourceDate "2019.10.17"]
[SourceVersion "1"]
[SourceVersionDate "2019.10.17"]
[SourceQuality "1"]

1. e4 e5 2. Nf3 Nc6 3. d4 exd4 4. Nxd4 Bc5 5. Nb3 Bb6 6. Nc3 Nf6 7. Bg5 0-0 8. Bb5 Re8 9. f3 Nxe4 10. Nxe4 Qxg5 11. Be2 Qxg2 12. Rf1 Qxh2 13. Qd2 Qh4+ 14. Kd1 d5 15. Nc3 Bf5 16. a4 Be3 17. Qe1 Qxe1+ 18. Rxe1 Nb4 19. Bd3 Nxd3 20. cxd3 Bxd3 21. Nxd5 Bg5 22. Rg1 Be2+ 23. Kc2 h6 24. f4 Bh4 25. Nd4 Rad8 26. Nf5 Bd3+ 27. Kxd3 Rxd5+ 28. Nd4 Bf6 29. Rae1 Rxd4+ 30. Kc2 Rxe1 31. Rxe1 Rxf4 32. Re8+ Kh7 33. Rb8 Rf2+ 0-1